书目信息 |
| 题名: |
借题发挥的语言技巧
|
|
| 作者: | 宿春礼 主编 | |
| 分册: | ||
| 出版信息: | 北京 中国社会出版社 2005 |
|
| 页数: | 231页 | |
| 开本: | 21cm | |
| 丛书名: | ||
| 单 册: | ||
| 中图分类: | H019-49 | |
| 科图分类: | ||
| 主题词: | 语言艺术--通俗读物 | |
| 电子资源: | ||
| ISBN: | 7-5087-0656-0 | |
| 000 | 01056nam0 2200301 450 | |
| 000 | 01019nam0 2200289 450 | |
| 000 | 01017nam0 2200301 450 | |
| 000 | 00963nam0 2200277 450 | |
| 000 | 01014nam0 2200265 450 | |
| 000 | 00977nam0 2200253 45 | |
| 001 | TS2006047360 | |
| 005 | 20061208082252.87 | |
| 010 | @a7-5087-0656-0@dCNY16.00 | |
| 100 | @a20060829d2005 em y0chiy0110 ea | |
| 101 | 0 | @achi |
| 102 | @aCN@b110000 | |
| 105 | @ay z 000yy | |
| 200 | 1 | @a借题发挥的语言技巧@Ajie ti fa hui de yu yan ji qiao@f宿春礼主编@FSu Chun Li Zhu Bian |
| 210 | @a北京@c中国社会出版社@d2005 | |
| 215 | @a231页@d21cm | |
| 330 | @a本书讲述了通过借题发挥施展语言技巧,提高语言表达能力,特别是在一些特殊场合使大家处变不惊,能抵挡言语语攻击对方的一些方法技巧。 | |
| 606 | 0 | @a语言艺术@x通俗读物 |
| 690 | @aH019-49@v4 | |
| 701 | 0 | @a宿春礼@Asu chun li@f(1971~)@4主编 |
| 801 | 0 | @aCN@b中图数据@c20061208 |
| 905 | @a10447@dH019-49@e100 | |
| 借题发挥的语言技巧/宿春礼主编.-北京:中国社会出版社,2005 |
| 231页;21cm |
| ISBN 7-5087-0656-0:CNY16.00 |
| 本书讲述了通过借题发挥施展语言技巧,提高语言表达能力,特别是在一些特殊场合使大家处变不惊,能抵挡言语语攻击对方的一些方法技巧。 |
| ● |
| 相关链接 |
|
|
|
|
正题名:借题发挥的语言技巧
索取号:H019-49/100
 
预约/预借
| 序号 | 登录号 | 条形码 | 馆藏地/架位号 | 状态 | 备注 |
| 1 | 0603027 | 206030276 | 第二样本阅览室/ [索取号:H019-49/100] | 在馆 | |
| 2 | 0603028 | 206030285 | 第四借阅区/ [索取号:H019-49/100] | 在馆 | |
| 3 | 0603029 | 206030294 | 第四借阅区/ [索取号:H019-49/100] | 在馆 | |
| 4 | 0603030 | 206030301 | 第四借阅区/ [索取号:H019-49/100] | 在馆 | |
| 5 | 0603031 | 206030310 | 第四借阅区/ [索取号:H019-49/100] | 在馆 | |
| 6 | 0603032 | 206030329 | 第四借阅区/ [索取号:H019-49/100] | 在馆 | |
| 7 | 0603033 | 206030338 | 第四借阅区/ [索取号:H019-49/100] | 在馆 | |
| 8 | 0603034 | 206030347 | 第四借阅区/ [索取号:H019-49/100] | 在馆 |